Wiedza ogólna - prawda czy fałsz? #4 - Statystyki

Ogólne statystyki
  • Ten quiz został rozwiązany 2 269 razy
  • Średni wynik to 11 z 15
Statystyki odpowiedzi
Zagadnienie Odpowiedź % Poprawnych
Cynamon pochodzi z jagód Fałsz
93%
100% prezydentów USA to mężczyźni Prawda
92%
We Francji samochody jeżdżą po prawej stronie drogi Prawda
91%
Chorwacja była dawniej częścią Jugosławii Prawda
91%
Około połowa bohaterów Biblii to kobiety Fałsz
85%
Józef Stalin dał Polsce pełną niepodległość po drugiej wojnie światowej Fałsz
82%
Stambuł jest stolicą Turcji Fałsz
79%
Dzikie niedźwiedzie polarne żyją w pięciu różnych stanach USA Fałsz
74%
Każda osoba w zespole Van Halen nosiła nazwisko Van Halen Fałsz
74%
Kleopatra mówiła biegle po francusku Fałsz
71%
Jarosław Kaczyński był premierem Polski Prawda
70%
Rubiny i szafiry to odmiany mineralnego korundu Prawda
68%
Flet uważany jest za instrument dęty blaszany Fałsz
62%
Jeśli rzucisz dwiema kostkami, masz taką samą szansę na wyrzucenie każdej liczby od 2 do 12. Fałsz
53%
Pchły potrafią skakać wyżej niż kangury Fałsz
32%
Nie znaleziono quizów pasujących do podanych kryteriów
Rozkład punktacji
Procent ludzi z każdym wynikiem
Percentyl według liczby udzielonych odpowiedzi
Twoja historia wyników
Nie rozwiązałeś tego quizu